[Event "Chigorin Memorial 18th"]
[Site "St Petersburg"]
[Date "2010.11.03"]
[Round "7"]
[White "Sanzhaev, Darsen"]
[Black "Utkin, Aleksey"]
[Result "1/2-1/2"]
[WhiteElo "2151"]
[BlackElo "2328"]
[PlyCount "142"]
[EventDate "2010.10.28"]
[EventType "swiss"]
[EventRounds "9"]
[EventCountry "RUS"]
[SourceTitle "EXT 2011"]
[Source "ChessBase"]
[SourceDate "2010.11.26"]
[SourceVersion "1"]
[SourceVersionDate "2010.11.26"]
[SourceQuality "1"]

1. d4 g6 2. c4 Bg7 3. Nf3 d6 4. g3 Nf6 5. Bg2 0-0 6. 0-0 Nbd7 7. Nc3 e5 8. e4 c6 9. h3 a5 10. Re1 exd4 11. Nxd4 Re8 12. Rb1 Nc5 13. b3 Nfd7 14. Be3 Ne5 15. Qc2 Ned3 16. Red1 Nb4 17. Qe2 Qe7 18. a3 Nba6 19. Qd2 Nd7 20. Nde2 Ne5 21. f4 Nd7 22. Bf2 Nc7 23. b4 axb4 24. axb4 Bf8 25. Nd4 Ne6 26. Nde2 Nc7 27. Re1 h5 28. Rbd1 Qe6 29. Qd3 Qe7 30. Kh2 Kh7 31. Ra1 Na6 32. Rab1 Bg7 33. Nd4 Qf6 34. Kg1 h4 35. Nde2 hxg3 36. Qxg3 Qe6 37. Nd4 Qe7 38. b5 Nab8 39. Ra1 Rxa1 40. Rxa1 c5 41. Nde2 Nb6 42. Rd1 Be6 43. Nd5 Bxd5 44. cxd5 N8d7 45. Qd3 Kg8 46. Ng3 Qf6 47. Ne2 Ra8 48. Qc2 Ra1 49. Rxa1 Qxa1+ 50. Kh2 Qa5 51. e5 dxe5 52. f5 Qxb5 53. fxg6 fxg6 54. Ng3 Nf8 55. Qxc5 Qxc5 56. Bxc5 Nbd7 57. Bb4 b6 58. Ne4 Nf6 59. Nxf6+ Bxf6 60. Be4 Kf7 61. Bxf8 Kxf8 62. Bxg6 Ke7 63. Kg3 Kd6 64. Be4 Kc5 65. Kg4 Kd4 66. Kf5 Bh4 67. d6 b5 68. d7 Bd8 69. Bb1 b4 70. Bc2 Kc3 71. Ba4 Kd4 1/2-1/2

[Event "Chigorin Memorial 18th"]
[Site "St Petersburg"]
[Date "2010.11.02"]
[Round "6"]
[White "Utkin, Aleksey"]
[Black "Sazonova, Elena"]
[Result "1/2-1/2"]
[WhiteElo "2328"]
[BlackElo "2118"]
[PlyCount "92"]
[EventDate "2010.10.28"]
[EventType "swiss"]
[EventRounds "9"]
[EventCountry "RUS"]
[SourceTitle "EXT 2011"]
[Source "ChessBase"]
[SourceDate "2010.11.26"]
[SourceVersion "1"]
[SourceVersionDate "2010.11.26"]
[SourceQuality "1"]

1. d4 Nf6 2. Nf3 g6 3. Bg5 Ne4 4. Bh4 Bg7 5. e3 d5 6. Nbd2 c5 7. c3 cxd4 8. cxd4 Qb6 9. Nxe4 dxe4 10. Nd2 Nc6 11. Nxe4 Qxb2 12. Bd3 Qb4+ 13. Nd2 0-0 14. Rb1 Qd6 15. Bg3 Qd8 16. Nc4 b6 17. 0-0 Bb7 18. Be4 Na5 19. Bxb7 Nxb7 20. Be5 Qd5 21. Bxg7 Kxg7 22. Qa4 Rfc8 23. Ne5 Na5 24. Rfc1 f6 25. Nd3 Qf5 26. Qa3 Kf8 27. Nf4 g5 28. Qd3 Qxd3 29. Nxd3 e6 30. f4 gxf4 31. Nxf4 Ke7 32. Kf2 Nc4 33. Nd3 Rab8 34. Rb5 f5 35. Rbb1 Nd2 36. Rxc8 Rxc8 37. Rc1 Ne4+ 38. Kf3 Rxc1 39. Nxc1 Kf6 40. Ke2 Ke7 41. h3 Kd6 42. Kd3 Kd5 43. Ne2 Nf2+ 44. Kd2 Ne4+ 45. Kd3 Nf2+ 46. Kd2 Ne4+ 1/2-1/2

[Event "Chigorin Memorial 18th"]
[Site "St Petersburg"]
[Date "2010.10.30"]
[Round "3"]
[White "Utkin, Aleksey"]
[Black "Menovshchikov, Mark"]
[Result "1-0"]
[WhiteElo "2328"]
[BlackElo "2023"]
[PlyCount "71"]
[EventDate "2010.10.28"]
[EventType "swiss"]
[EventRounds "9"]
[EventCountry "RUS"]
[SourceTitle "EXT 2011"]
[Source "ChessBase"]
[SourceDate "2010.11.26"]
[SourceVersion "1"]
[SourceVersionDate "2010.11.26"]
[SourceQuality "1"]

1. d4 Nf6 2. Nf3 g6 3. Bg5 Bg7 4. Nbd2 c5 5. e3 cxd4 6. exd4 0-0 7. Be2 Nc6 8. 0-0 d6 9. c3 h6 10. Bh4 Qc7 11. Re1 e5 12. dxe5 dxe5 13. Bb5 Nh5 14. Nc4 Bg4 15. h3 Rad8 16. Bxd8 Rxd8 17. hxg4 Rxd1 18. Raxd1 e4 19. gxh5 exf3 20. hxg6 fxg6 21. Re6 Kf7 22. Rde1 Bf8 23. Bxc6 bxc6 24. Rxc6 Qf4 25. Ne5+ Kg7 26. Nxf3 Bd6 27. Rd1 Bf8 28. b4 h5 29. a4 a5 30. Nd4 Qe4 31. bxa5 Kh6 32. a6 Bg7 33. a7 Qe8 34. Nf5+ Kh7 35. Ra6 Qe2 36. a8Q 1-0

[Event "Peterhof op"]
[Site "Peterhof"]
[Date "2010.01.10"]
[Round "9"]
[White "Fedoseeva, Valentina"]
[Black "Utkin, Aleksey"]
[Result "0-1"]
[WhiteElo "1815"]
[BlackElo "2339"]
[PlyCount "118"]
[EventDate "2010.01.03"]
[EventType "swiss"]
[EventRounds "9"]
[EventCountry "RUS"]
[SourceTitle "CBM 134 Extra"]
[Source "ChessBase"]
[SourceDate "2010.03.03"]
[SourceVersion "1"]
[SourceVersionDate "2010.03.03"]
[SourceQuality "1"]

1. e4 Nf6 2. e5 Nd5 3. d4 d6 4. exd6 exd6 5. g3 Be7 6. Bg2 Nf6 7. Ne2 0-0 8. 0-0 c6 9. Nd2 Bf5 10. Nc4 Na6 11. Ne3 Be4 12. f3 Bg6 13. Nf4 d5 14. Nxg6 hxg6 15. f4 Ne4 16. Ng4 Nd6 17. Ne5 Bf6 18. b3 Re8 19. Qf3 Qb6 20. c3 Rad8 21. g4 Nc7 22. Kh1 Ncb5 23. a4 Nc7 24. b4 a5 25. Ba3 Ne4 26. Qd3 axb4 27. Bxb4 Bxe5 28. fxe5 c5 29. Ba3 cxd4 30. cxd4 Ne6 31. Rad1 Qc6 32. Rde1 Qxa4 33. Bxe4 dxe4 34. Rxe4 Rxd4 35. Rxd4 Nxd4 36. Bd6 Rc8 37. Qe3 Rc2 38. Qe4 Qc6 39. Qxc6 Rxc6 40. Ra1 g5 41. Ra8+ Kh7 42. Rb8 b5 43. Rb7 Kg6 44. Kg2 Rc2+ 45. Kg3 Rc3+ 46. Kg2 Rb3 47. Rb6 Ne6 48. Be7 Kh7 49. h4 Nf4+ 50. Kf1 gxh4 51. Bxh4 Ng6 52. Bd8 Nxe5 53. g5 b4 54. Ke2 Rb2+ 55. Kd1 b3 56. Rb5 Nc4 57. Kc1 Rc2+ 58. Kd1 Ne3+ 59. Ke1 b2 0-1

[Event "Peterhof op"]
[Site "Peterhof"]
[Date "2009.01.08"]
[Round "8"]
[White "Daskevics, Vadims"]
[Black "Utkin, Aleksey"]
[Result "1-0"]
[WhiteElo "2326"]
[BlackElo "2368"]
[PlyCount "61"]
[EventDate "2009.01.03"]
[EventType "swiss"]
[EventRounds "9"]
[EventCountry "RUS"]
[SourceTitle "CBM 128 Extra"]
[Source "ChessBase"]
[SourceDate "2009.03.05"]
[SourceVersion "2"]
[SourceVersionDate "2009.03.25"]
[SourceQuality "1"]

1. d4 Nf6 2. Nf3 c5 3. d5 d6 4. Nc3 g6 5. e4 Bg7 6. h3 0-0 7. a4 Na6 8. Bf4 Qa5 9. Nd2 Nh5 10. Bg5 Bxc3 11. bxc3 Qxc3 12. Bxa6 bxa6 13. 0-0 f5 14. Re1 Rf7 15. e5 dxe5 16. Re3 Qd4 17. Nf3 Qxd1+ 18. Rxd1 h6 19. Bxh6 f4 20. Rxe5 Bf5 21. Rd2 Rh7 22. Bg5 Nf6 23. Bxf4 Ne4 24. Re2 Nc3 25. R2e3 Nxa4 26. Ng5 Rg7 27. Rxe7 Rxe7 28. Rxe7 Nb6 29. Be5 Nd7 30. Bc3 Rb8 31. g4 1-0

[Event "Peterhof op"]
[Site "Peterhof"]
[Date "2009.01.08"]
[Round "9"]
[White "Valov, Ilya"]
[Black "Utkin, Aleksey"]
[Result "1-0"]
[WhiteElo "2251"]
[BlackElo "2368"]
[PlyCount "43"]
[EventDate "2009.01.03"]
[EventType "swiss"]
[EventRounds "9"]
[EventCountry "RUS"]
[SourceTitle "CBM 128 Extra"]
[Source "ChessBase"]
[SourceDate "2009.03.05"]
[SourceVersion "2"]
[SourceVersionDate "2009.03.25"]
[SourceQuality "1"]

1. d4 Nf6 2. Bg5 Ne4 3. Bh4 c5 4. c3 cxd4 5. Qxd4 d5 6. e3 Nc6 7. Bb5 f6 8. Nf3 e6 9. Nbd2 Bc5 10. Qa4 Qb6 11. Nxe4 dxe4 12. Nd2 f5 13. Nc4 Qc7 14. Bg3 e5 15. Bxe5 Qe7 16. Bxc6+ Kf8 17. Bd5 Bd7 18. Qa5 b6 19. Qxc5 Qxc5 20. Bd6+ Qxd6 21. Nxd6 Rb8 22. Nf7 1-0

[Event "Peterhof op"]
[Site "Peterhof"]
[Date "2009.01.05"]
[Round "4"]
[White "Utkin, Alexander"]
[Black "Utkin, Aleksey"]
[Result "0-1"]
[WhiteElo "2196"]
[BlackElo "2368"]
[PlyCount "142"]
[EventDate "2009.01.03"]
[EventType "swiss"]
[EventRounds "9"]
[EventCountry "RUS"]
[SourceTitle "CBM 128 Extra"]
[Source "ChessBase"]
[SourceDate "2009.03.05"]
[SourceVersion "2"]
[SourceVersionDate "2009.03.25"]
[SourceQuality "1"]

1. d4 Nf6 2. Nf3 c5 3. e3 g6 4. Be2 Bg7 5. 0-0 0-0 6. b3 cxd4 7. exd4 d5 8. c4 Nc6 9. Bb2 Ne4 10. Nc3 Nxc3 11. Bxc3 Bg4 12. h3 Bxf3 13. Bxf3 dxc4 14. Bxc6 bxc6 15. b4 Qd5 16. Qc2 Rfd8 17. Rfd1 Rd6 18. Rac1 Rad8 19. Re1 e6 20. Bb2 Bxd4 21. Bxd4 Qxd4 22. Qxc4 Qxc4 23. Rxc4 Rd2 24. a4 Ra2 25. a5 Rdd2 26. Rf1 Rdb2 27. Rxc6 Rxb4 28. Ra6 Rb7 29. h4 Kg7 30. g3 h6 31. Kg2 g5 32. hxg5 hxg5 33. Rd1 Kg6 34. Rc1 Kf5 35. Rc5+ Kf6 36. Rc1 Ra4 37. Rd1 g4 38. Rc1 Rd7 39. Rb1 Ke7 40. Rc1 Rb7 41. Rd1 Rc7 42. Rb1 Rd4 43. Kf1 Rd6 44. Rxd6 Kxd6 45. Ke2 f5 46. Rd1+ Ke5 47. Rd2 Rc5 48. Ra2 a6 49. Kd3 Kd5 50. Ra3 Rb5 51. Ra2 Rb3+ 52. Ke2 e5 53. Rd2+ Ke4 54. Ra2 Rb4 55. Ra3 Rb2+ 56. Kf1 f4 57. Ra4+ Kf5 58. gxf4 exf4 59. Rc4 Rb5 60. Ra4 Kg5 61. Ke2 Rb2+ 62. Ke1 f3 63. Rc4 Re2+ 64. Kf1 Re5 65. Ra4 Kh4 66. Kg1 Kh3 67. Ra1 Rb5 68. Kf1 Kh2 69. Ke1 Kg2 70. Ra4 g3 71. Rg4 Re5+ 0-1

[Event "St Petersburg Nov op"]
[Site "St Petersburg"]
[Date "2008.11.08"]
[Round "8"]
[White "Utkin, Aleksey"]
[Black "Sichinava, Zviad"]
[Result "1/2-1/2"]
[WhiteElo "2359"]
[BlackElo "2175"]
[PlyCount "104"]
[EventDate "2008.11.01"]
[EventType "swiss"]
[EventRounds "9"]
[EventCountry "RUS"]
[SourceTitle "EXT 2010"]
[Source "ChessBase"]
[SourceDate "2010.11.25"]
[SourceVersion "1"]
[SourceVersionDate "2010.11.25"]
[SourceQuality "1"]

1. Nf3 c5 2. g3 Nc6 3. Bg2 d5 4. 0-0 Bg4 5. c4 e6 6. h3 Bxf3 7. Bxf3 Ne5 8. Qa4+ Qd7 9. Qxd7+ Kxd7 10. cxd5 Nxf3+ 11. exf3 exd5 12. d4 c4 13. Nc3 Kc6 14. b3 Bb4 15. Ne2 Re8 16. Be3 b5 17. a4 bxa4 18. bxc4 dxc4 19. d5+ Kd7 20. Rfc1 Rc8 21. Rxa4 a5 22. Bb6 Nf6 23. Bxa5 Bxa5 24. Rxa5 Ra8 25. Rxa8 Rxa8 26. Rxc4 Nxd5 27. Rd4 Ke6 28. Re4+ Kf6 29. f4 g6 30. g4 Kg7 31. Re5 Nc7 32. f5 Re8 33. Rxe8 Nxe8 34. fxg6 hxg6 35. Kg2 Nf6 36. Kf3 Nd5 37. Ke4 Nf6+ 38. Ke5 Nd7+ 39. Kf4 Nf6 40. Nc3 Ng8 41. Nd5 Nh6 42. f3 f5 43. g5 Nf7 44. h4 Nd6 45. Ne3 Nb5 46. Ke5 Nc3 47. h5 Ne2 48. hxg6 Kxg6 49. f4 Ng1 50. Nxf5 Nf3+ 51. Ke6 Nxg5+ 52. fxg5 Kxg5 1/2-1/2

[Event "St Petersburg Nov op"]
[Site "St Petersburg"]
[Date "2008.11.06"]
[Round "6"]
[White "Utkin, Aleksey"]
[Black "Solovyov, Viktor"]
[Result "1-0"]
[WhiteElo "2359"]
[BlackElo "2069"]
[PlyCount "67"]
[EventDate "2008.11.01"]
[EventType "swiss"]
[EventRounds "9"]
[EventCountry "RUS"]
[SourceTitle "EXT 2010"]
[Source "ChessBase"]
[SourceDate "2010.11.25"]
[SourceVersion "1"]
[SourceVersionDate "2010.11.25"]
[SourceQuality "1"]

1. d4 d5 2. Nf3 Nf6 3. c4 c6 4. Nc3 a6 5. Ne5 Nbd7 6. Bf4 Nxe5 7. Bxe5 dxc4 8. g3 b5 9. Bg2 Bb7 10. 0-0 e6 11. a4 Qb6 12. Bxf6 gxf6 13. axb5 cxb5 14. d5 Rd8 15. e4 Bb4 16. Qh5 Ke7 17. Kh1 Qd4 18. Ne2 Qe5 19. Qh4 Qg5 20. Qh3 h5 21. dxe6 Qg4 22. Qxg4 hxg4 23. exf7 Kxf7 24. e5 Bxg2+ 25. Kxg2 fxe5 26. Rxa6 Rd2 27. Nc3 Rb8 28. Ne4 Rxb2 29. Rd1 Rb7 30. Rdd6 Re7 31. Ng5+ Kf8 32. Rh6 Ke8 33. Ra8+ Kd7 34. Ra7+ 1-0

[Event "Chigorin Memorial 16th"]
[Site "St Petersburg"]
[Date "2008.10.10"]
[Round "8"]
[White "Utkin, Aleksey"]
[Black "Alavkin, Arseny Nailievich"]
[Result "1/2-1/2"]
[WhiteElo "2359"]
[BlackElo "2476"]
[PlyCount "102"]
[EventDate "2008.10.03"]
[EventType "swiss"]
[EventRounds "9"]
[EventCountry "RUS"]
[SourceTitle "CBM 126 Extra"]
[Source "ChessBase"]
[SourceDate "2008.11.05"]
[SourceVersion "1"]
[SourceVersionDate "2008.11.05"]
[SourceQuality "1"]

1. Nf3 d5 2. g3 c6 3. Bg2 Nf6 4. 0-0 Bf5 5. d3 Nbd7 6. Nbd2 e5 7. Qe1 h6 8. e4 dxe4 9. dxe4 Be6 10. b3 Bc5 11. Bb2 Qc7 12. Qe2 0-0 13. Nc4 Ng4 14. h3 b5 15. hxg4 bxc4 16. g5 h5 17. g6 fxg6 18. Ng5 Bg4 19. Qxc4+ Kh8 20. Nf7+ Kh7 21. Ng5+ Kh8 22. Kh2 Rxf2 23. Rxf2 Bxf2 24. Qf7 Be3 25. Qxg6 Nf8 26. Qf7 Qd7 27. Qxd7 Nxd7 28. Nf7+ Kh7 29. Nxe5 Nxe5 30. Bxe5 Rd8 31. Bc3 Bd1 32. e5 Bxc2 33. Re1 Bd2 34. Bxd2 Rxd2 35. Kg1 Kg6 36. e6 Rd1 37. Rxd1 Bxd1 38. Bxc6 Kf6 39. Kf2 Kxe6 40. Ke3 Ke5 41. b4 g5 42. a4 Kd6 43. Bb5 h4 44. gxh4 gxh4 45. a5 h3 46. Kf2 Bg4 47. Kg3 Bf5 48. Be2 Bd7 49. b5 Kc5 50. b6 axb6 51. axb6 Kxb6 1/2-1/2

[Event "Chigorin Memorial 16th"]
[Site "St Petersburg"]
[Date "2008.10.07"]
[Round "5"]
[White "Zontakh, Andrey"]
[Black "Utkin, Aleksey"]
[Result "1-0"]
[WhiteElo "2579"]
[BlackElo "2359"]
[PlyCount "81"]
[EventDate "2008.10.03"]
[EventType "swiss"]
[EventRounds "9"]
[EventCountry "RUS"]
[SourceTitle "CBM 126 Extra"]
[Source "ChessBase"]
[SourceDate "2008.11.05"]
[SourceVersion "1"]
[SourceVersionDate "2008.11.05"]
[SourceQuality "1"]

1. d4 g6 2. c4 Bg7 3. e4 d6 4. Nc3 Nd7 5. Nf3 e5 6. Be2 Ngf6 7. 0-0 0-0 8. Be3 Qe7 9. Qc2 exd4 10. Nxd4 c6 11. Rad1 Re8 12. f3 a5 13. Rfe1 Nh5 14. Bf1 Be5 15. g3 Nxg3 16. hxg3 Bxg3 17. Re2 Ne5 18. Rg2 Bh4 19. Qe2 h5 20. Bf2 Bf6 21. Nf5 Bxf5 22. exf5 Qd7 23. fxg6 Qf5 24. gxf7+ Kxf7 25. f4 Qxf4 26. Qxh5+ Ke6 27. Qh3+ Ke7 28. Qh7+ Ke6 29. Be2 Rh8 30. Qe4 Qh6 31. Kf1 Rag8 32. Rxg8 Rxg8 33. c5 Rd8 34. cxd6 Qh3+ 35. Qg2 Qf5 36. Ne4 b6 37. Ng3 Qh7 38. Qe4 Qh3+ 39. Ke1 b5 40. Nh5 Bg5 41. Bg3 1-0

[Event "Chigorin Memorial 16th"]
[Site "St Petersburg"]
[Date "2008.10.06"]
[Round "4"]
[White "Utkin, Aleksey"]
[Black "Ionov, Sergey"]
[Result "1/2-1/2"]
[WhiteElo "2359"]
[BlackElo "2543"]
[PlyCount "42"]
[EventDate "2008.10.03"]
[EventType "swiss"]
[EventRounds "9"]
[EventCountry "RUS"]
[SourceTitle "CBM 126 Extra"]
[Source "ChessBase"]
[SourceDate "2008.11.05"]
[SourceVersion "1"]
[SourceVersionDate "2008.11.05"]
[SourceQuality "1"]

1. d4 Nf6 2. Nf3 e6 3. Bg5 h6 4. Bh4 d6 5. Nbd2 g5 6. Bg3 Nh5 7. e4 Bg7 8. c3 Nd7 9. Bc4 Qe7 10. Ng1 Nxg3 11. hxg3 Nf6 12. Qc2 Bd7 13. 0-0-0 0-0-0 14. f3 Kb8 15. Ne2 h5 16. Kb1 d5 17. Bd3 dxe4 18. Nxe4 Nxe4 19. Bxe4 f5 20. Bd3 c5 21. Bc4 cxd4 1/2-1/2

[Event "Chigorin Memorial 16th"]
[Site "St Petersburg"]
[Date "2008.10.05"]
[Round "3"]
[White "Utkin, Aleksey"]
[Black "Minina, Veronika"]
[Result "1-0"]
[WhiteElo "2359"]
[BlackElo "2153"]
[PlyCount "171"]
[EventDate "2008.10.03"]
[EventType "swiss"]
[EventRounds "9"]
[EventCountry "RUS"]
[SourceTitle "CBM 126 Extra"]
[Source "ChessBase"]
[SourceDate "2008.11.05"]
[SourceVersion "1"]
[SourceVersionDate "2008.11.05"]
[SourceQuality "1"]

1. d4 Nf6 2. Nf3 g6 3. Bg5 Bg7 4. Nbd2 d5 5. e3 0-0 6. Bd3 c5 7. c3 cxd4 8. cxd4 Nc6 9. 0-0 Bf5 10. Bxf5 gxf5 11. Qb3 Qb6 12. Bxf6 Qxb3 13. Nxb3 Bxf6 14. Nc5 Bg7 15. Rac1 Rfc8 16. Nd3 e6 17. g3 Ne7 18. Nd2 Rc6 19. Rxc6 Nxc6 20. Rc1 Kf8 21. Nc5 Nd8 22. b4 Ke8 23. b5 Rc8 24. Kf1 b6 25. Nd3 Rxc1+ 26. Nxc1 Nb7 27. Ke2 Nd6 28. a4 Ne4 29. Na2 Bf8 30. f3 Nxd2 31. Kxd2 Bd6 32. Kd3 Ke7 33. Nc3 Bb4 34. Ne2 Bd6 35. Nc1 Ba3 36. Ne2 Bd6 37. Kc3 Kd7 38. Nc1 Kc7 39. Kd3 Kd7 40. Nb3 Bb4 41. e4 fxe4+ 42. fxe4 dxe4+ 43. Kxe4 Kd6 44. Nc1 f5+ 45. Kd3 Be1 46. Ne2 Bb4 47. Ng1 Kd5 48. Nf3 Be7 49. Ne1 Bg5 50. Nc2 Be7 51. Ne3+ Kd6 52. Kc4 Bg5 53. Nd1 Bd2 54. Nf2 Be3 55. Nd3 Bg1 56. h3 Bh2 57. g4 fxg4 58. hxg4 Bg3 59. Nb4 Be1 60. Nc2 Bd2 61. Kd3 Bg5 62. Ke4 Bc1 63. Nb4 Bg5 64. Nd3 Bf6 65. Nb2 Bg7 66. Nc4+ Kd7 67. d5 exd5+ 68. Kxd5 Bc3 69. Nd6 h6 70. Nf5 Bd2 71. Nd4 Kc7 72. Ke6 Kb7 73. Nf5 a6 74. Nd6+ Ka7 75. Kd5 axb5 76. axb5 Be3 77. Kc6 Kb8 78. Nc4 Bd4 79. Nxb6 Be3 80. Nd7+ Kc8 81. b6 Bf4 82. Nc5 Bg3 83. Ne6 Be5 84. b7+ Kb8 85. Kb6 Bg3 86. Ka6 1-0

[Event "Petrovskaya Ladya GM-A"]
[Site "Peterhof"]
[Date "2008.08.16"]
[Round "7"]
[White "Volodin, Aleksandr"]
[Black "Utkin, Aleksey"]
[Result "1/2-1/2"]
[WhiteElo "2397"]
[BlackElo "2412"]
[PlyCount "101"]
[EventDate "2008.08.12"]
[EventType "tourn"]
[EventRounds "11"]
[EventCountry "RUS"]
[EventCategory "7"]
[SourceTitle "CBM 125 Extra"]
[Source "ChessBase"]
[SourceDate "2008.09.01"]
[SourceVersion "1"]
[SourceVersionDate "2008.09.01"]
[SourceQuality "1"]

1. d4 Nf6 2. c4 g6 3. Nf3 Bg7 4. g3 0-0 5. Bg2 d6 6. 0-0 Nbd7 7. Qc2 e5 8. dxe5 dxe5 9. e4 Re8 10. Rd1 c6 11. h3 Qc7 12. Be3 Bf8 13. Nc3 Bc5 14. Bg5 Be7 15. Rab1 a5 16. Na4 b6 17. c5 bxc5 18. Rbc1 Kg7 19. b3 Ba6 20. Be3 c4 21. bxc4 Rab8 22. Nd2 h5 23. Bf1 Nh7 24. Nf3 Nhf6 25. Ng5 Nh7 26. Nxh7 Kxh7 27. Rd2 Bb4 28. Rd3 Nf8 29. Rcd1 Qe7 30. Bb6 Qe6 31. a3 Be7 32. Rf3 Kg7 33. Bxa5 Nh7 34. Qc3 Ng5 35. Re3 Nxh3+ 36. Bxh3 Qxh3 37. Bc7 Ra8 38. Nb6 Ra7 39. Bxe5+ f6 40. Bd6 Qg4 41. Rf3 Bd8 42. Bc5 Rf7 43. Rd4 Bc7 44. Qd3 Be5 45. Rd7 Rxd7 46. Qxd7+ Qxd7 47. Nxd7 Bxc4 48. Nxe5 Rxe5 49. Bd4 Rxe4 50. Bxf6+ Kh7 51. Re3 1/2-1/2

[Event "St Petersburg June op"]
[Site "St Petersburg"]
[Date "2008.06.27"]
[Round "7"]
[White "Utkin, Aleksey"]
[Black "Bocharov, Leonid"]
[Result "1-0"]
[WhiteElo "2420"]
[BlackElo "2192"]
[PlyCount "99"]
[EventDate "2008.06.21"]
[EventType "swiss"]
[EventRounds "9"]
[EventCountry "RUS"]
[SourceTitle "CBM 125 Extra"]
[Source "ChessBase"]
[SourceDate "2008.09.01"]
[SourceVersion "1"]
[SourceVersionDate "2008.09.01"]
[SourceQuality "1"]

1. d4 Nf6 2. Nf3 g6 3. Bg5 Bg7 4. Nbd2 d6 5. c3 0-0 6. e4 h6 7. Bh4 g5 8. Bg3 Nh5 9. Bc4 Nd7 10. Nxg5 Nxg3 11. Nxf7 Rxf7 12. hxg3 Nf6 13. Bxf7+ Kxf7 14. e5 dxe5 15. dxe5 Ng4 16. 0-0 Nxe5 17. Re1 Kg6 18. Re3 Qd5 19. Qe2 Bf5 20. Re1 Rd8 21. Nb3 Nd3 22. g4 Nxe1 23. gxf5+ Qxf5 24. Qxe1 Bf6 25. Nd4 Bxd4 26. Rg3+ Kf7 27. Rf3 Qxf3 28. gxf3 Rg8+ 29. Kf1 Bf6 30. Qe4 c6 31. Qh7+ Bg7 32. Qf5+ Bf6 33. Qh5+ Rg6 34. f4 Kg7 35. Qa5 Rg4 36. Qxa7 h5 37. Qxb7 h4 38. Qd7 Rxf4 39. Kg2 Rc4 40. Qa7 Rg4+ 41. Kh3 Rf4 42. a4 Rf3+ 43. Kg4 Rd3 44. Qa6 Rd2 45. Qb6 Rd3 46. f3 Rd2 47. Kh3 Kg6 48. Qxc6 Rxb2 49. a5 Kg5 50. Qd5+ 1-0

[Event "St Petersburg June op"]
[Site "St Petersburg"]
[Date "2008.06.24"]
[Round "4"]
[White "Utkin, Aleksey"]
[Black "Golovenchits, Boris"]
[Result "1-0"]
[WhiteElo "2420"]
[BlackElo "2034"]
[PlyCount "51"]
[EventDate "2008.06.21"]
[EventType "swiss"]
[EventRounds "9"]
[EventCountry "RUS"]
[SourceTitle "CBM 125 Extra"]
[Source "ChessBase"]
[SourceDate "2008.09.01"]
[SourceVersion "1"]
[SourceVersionDate "2008.09.01"]
[SourceQuality "1"]

1. d4 Nf6 2. Nf3 e6 3. Bf4 b6 4. e3 Be7 5. Bd3 Bb7 6. Nbd2 c5 7. c3 Nd5 8. Bg3 cxd4 9. exd4 f5 10. h3 0-0 11. Bh2 Nc6 12. Qe2 a5 13. Nc4 f4 14. Qc2 g6 15. Bxg6 hxg6 16. Qxg6+ Kh8 17. Qh6+ Kg8 18. Qg6+ Kh8 19. g3 fxg3 20. Qh5+ Kg8 21. Rg1 Rf7 22. Rxg3+ Rg7 23. Rxg7+ Kxg7 24. 0-0-0 Qg8 25. Rg1+ Kf8 26. Qh6+ 1-0

[Event "St Petersburg June op"]
[Site "St Petersburg"]
[Date "2008.06.21"]
[Round "1"]
[White "Utkin, Aleksey"]
[Black "Kopasov, Alexander"]
[Result "0-1"]
[WhiteElo "2420"]
[BlackElo "2041"]
[PlyCount "72"]
[EventDate "2008.06.21"]
[EventType "swiss"]
[EventRounds "9"]
[EventCountry "RUS"]
[SourceTitle "CBM 125 Extra"]
[Source "ChessBase"]
[SourceDate "2008.09.01"]
[SourceVersion "1"]
[SourceVersionDate "2008.09.01"]
[SourceQuality "1"]

1. d4 Nf6 2. Nf3 e6 3. Bg5 h6 4. Bh4 c5 5. e3 cxd4 6. exd4 Be7 7. Nbd2 b6 8. c3 Bb7 9. Bd3 0-0 10. Qe2 d6 11. Bxf6 Bxf6 12. h4 Nd7 13. Ne4 Be7 14. g4 f5 15. gxf5 exf5 16. Ned2 Bxh4 17. Qe6+ Kh8 18. 0-0-0 Qe7 19. Qg6 Bxf2 20. Bxf5 Rxf5 21. Qxf5 Rf8 22. Qh3 Qe3 23. Qxd7 Bxf3 24. Qxd6 Rf6 25. Qb8+ Kh7 26. Rh3 Qg5 27. Rxf3 Rxf3 28. Rf1 Bg3 29. Rg1 Rf1+ 30. Rxf1 Bxb8 31. Kd1 Qg4+ 32. Kc2 Bf4 33. Rf2 Be3 34. Rh2 Bg1 35. Rh1 Qg2 36. Rh5 Be3 0-1

[Event "St Petersburg Chigorin CC-ch"]
[Site "St Petersburg"]
[Date "2008.05.22"]
[Round "8"]
[White "Utkin, Aleksey"]
[Black "Vunder, Yakov"]
[Result "1-0"]
[WhiteElo "2420"]
[BlackElo "2235"]
[PlyCount "79"]
[EventDate "2008.05.13"]
[EventType "swiss"]
[EventRounds "9"]
[EventCountry "RUS"]
[SourceTitle "CBM 124 Extra"]
[Source "ChessBase"]
[SourceDate "2008.07.03"]
[SourceVersion "1"]
[SourceVersionDate "2008.07.03"]
[SourceQuality "1"]

1. Nf3 d5 2. g3 Nf6 3. Bg2 g6 4. 0-0 Bg7 5. d3 0-0 6. Nbd2 c5 7. e4 Nc6 8. Re1 e6 9. Qe2 h6 10. Nf1 Re8 11. h4 e5 12. c3 b6 13. Qc2 Bb7 14. exd5 Nxd5 15. N1d2 Qd7 16. a4 Rad8 17. Nc4 Ba6 18. Qb3 Nc7 19. Nfd2 Kh7 20. h5 g5 21. a5 Nxa5 22. Nxa5 bxa5 23. Rxa5 Bxd3 24. Rxa7 Re7 25. Ne4 c4 26. Qb6 Kg8 27. Be3 Qc8 28. Nd6 Qe6 29. Nb5 Qxb6 30. Bxb6 Rb8 31. Nxc7 Rxb6 32. Ra8+ Bf8 33. Nd5 Rbe6 34. Nxe7+ Rxe7 35. Bd5 Rd7 36. Rxe5 Kg7 37. Bf3 Be7 38. Rb5 f5 39. Rb7 Rxb7 40. Bxb7 1-0

[Event "St Petersburg Chigorin CC-ch"]
[Site "St Petersburg"]
[Date "2008.05.15"]
[Round "3"]
[White "Malakhov, Igor"]
[Black "Utkin, Aleksey"]
[Result "1-0"]
[WhiteElo "2288"]
[BlackElo "2420"]
[PlyCount "91"]
[EventDate "2008.05.13"]
[EventType "swiss"]
[EventRounds "9"]
[EventCountry "RUS"]
[SourceTitle "CBM 124 Extra"]
[Source "ChessBase"]
[SourceDate "2008.07.03"]
[SourceVersion "1"]
[SourceVersionDate "2008.07.03"]
[SourceQuality "1"]

1. e4 g6 2. d4 Bg7 3. Nc3 d6 4. f4 Nc6 5. d5 Nb8 6. Be2 c6 7. Be3 Nf6 8. Nf3 cxd5 9. exd5 0-0 10. 0-0 Bg4 11. Bd4 Nbd7 12. Kh1 Nb6 13. a4 Bh6 14. Bxf6 exf6 15. a5 Nd7 16. Nd4 Bxe2 17. Qxe2 f5 18. a6 bxa6 19. Nc6 Qb6 20. Qe7 Qb7 21. Qxd6 Nb6 22. Ne7+ Kg7 23. Rf3 f6 24. Nc6 Rfe8 25. Nd4 Nc4 26. Ne6+ Kg8 27. Qxa6 Qxb2 28. Rb1 Qxc2 29. Qxc4 Rac8 30. Qb3 Qxb3 31. Rxb3 Bf8 32. g3 Bd6 33. Nb5 Rc1+ 34. Kg2 Bc5 35. Nxc5 Rxc5 36. d6 a6 37. Nc7 Re2+ 38. Rf2 Rcc2 39. Rxe2 Rxe2+ 40. Kf3 Rd2 41. Rb6 a5 42. Ke3 Rd1 43. Ke2 Rd4 44. Nb5 Rd5 45. Nc3 Rd4 46. Ke3 1-0

[Event "St Petersburg March op"]
[Site "St Petersburg"]
[Date "2008.03.24"]
[Round "3"]
[White "Bazeev, German"]
[Black "Utkin, Aleksey"]
[Result "1/2-1/2"]
[WhiteElo "2134"]
[BlackElo "2420"]
[PlyCount "52"]
[EventDate "2008.03.22"]
[EventType "swiss"]
[EventRounds "9"]
[EventCountry "RUS"]
[SourceTitle "EXT 2010"]
[Source "ChessBase"]
[SourceDate "2010.11.25"]
[SourceVersion "1"]
[SourceVersionDate "2010.11.25"]
[SourceQuality "1"]

1. e4 g6 2. d4 Bg7 3. Nc3 c6 4. Be3 d6 5. Qd2 b5 6. Bd3 Nd7 7. f4 Nb6 8. Nf3 Nf6 9. e5 Nfd5 10. Nxd5 Nxd5 11. 0-0 0-0 12. h3 a6 13. Rae1 Qc7 14. c3 Bb7 15. f5 Nxe3 16. Qxe3 dxe5 17. dxe5 c5 18. e6 Qg3 19. Qg5 Qd6 20. Be4 Bxe4 21. Rxe4 gxf5 22. Qxf5 fxe6 23. Qxe6+ Qxe6 24. Rxe6 Bf6 25. Nd2 Bg5 26. Nf3 Bf6 1/2-1/2